000
00284nam a22001217a 4500
008
170622b xxu||||| |||| 00| 0 eng d
041
_a
eng
080
_a
94
100
_a
16
101
_a
SHH
245
_a
JACOBEAN PAGEANT OR THE COURT IF KING JAMES I
_c
AKRIGG,G.P
942
_2
udc
_c
BK
999
_c
18678
_d
18678